Colorado Rockies Managers by Picture - Statistics

General Stats
  • This quiz has been taken 23 times
  • The average score is 5 of 7
Answer Stats
Picture Hint Answer % Correct
1993-1998 Don Baylor
89%
2002-2009 Clint Hurdle
84%
1999 Jim Leyland
84%
2017-Present Bud Black
79%
2013-2016 Walt Weiss
58%
2009-2012 Jim Tracy
47%
2000-2002 Buddy Bell
42%
No matching quizzes found
Score Distribution
Percent of People with Each Score
Percentile by Number Answered
Your Score History
You have not taken this quiz